LEADER 01075nam0-2200325---450- 001 990009631120403321 005 20121011115438.0 010 $a88-14-12282-2 035 $a000963112 035 $aFED01000963112 035 $a(Aleph)000963112FED01 035 $a000963112 100 $a20121011d2006----km-y0itay50------ba 101 0 $aita 102 $aIT 105 $ay-------001yy 200 1 $aDall'eguaglianza alla differenza$ediritti dell'uomo e cittadinanza femminile nel pensiero politico moderno$fMaria Pia Paternò 210 $aMilano$cGiuffrè$d2006 215 $aXI, 257 p.$d23 cm 225 1 $aUniversità degli studi di Camerino. Dipartimento di scienze giuridiche e politiche$v2 610 0 $aDonne$aDiritti civili [e] Diritti politici$aSec. 18.-19. 676 $a323.3409033$v22$zita 700 1$aPaternò,$bMaria Pia$0411657 801 0$aIT$bUNINA$gREICAT$2UNIMARC 901 $aBK 912 $a990009631120403321 952 $aUniv. 285 (2)$b49319$fFSPBC 959 $aFSPBC 996 $aDall'eguaglianza alla differenza$9848793 997 $aUNINA LEADER 01717nam2 22003251i 450 001 UON00512652 005 20231205105506.703 100 $a20230321d1975 |0itac50 ba 101 $aeng$aARA 102 $aIT 105 $a||||b ||||| 200 1 $aCatalogue of the Arabic Manuscripts in the Biblioteca Ambrosiana. Vol. 1. : Antico Fondo and Medio Fondo $fOscar Löfgren and Renato Traini 210 $aVicenza$cNeri Pozza$dc1975 215 $aXXX, 253 p., 16 c. di tav. rimontate$cill.$d31 cm 410 1$1001UON00437307$12001 $aFontes Ambrosiani. New series$fIn lucem edit cura et studio Bibliothecae Ambrosianae$v51 461 1$1001UON00512651$12001 $aCatalogue of the Arabic manuscripts in the Biblioteca Ambrosiana$fby Oscar Löfgren and Renato Traini$1210 $aVicenza$cN. Pozza$1215 $av.$cill.$d31 cm$v1 606 $aManoscritti arabi$xMilano$xBiblioteca Ambrosiana$3UONC100832$2FI 606 $aMilano$xBiblioteca Ambrosiana$xCataloghi$3UONC100592$2FI 620 $aIT$dVicenza$3UONL001247 676 $a016.091$cBibliografie su manoscritti$v21 702 1$aLöfgren$bOscar$3UONV011360 702 1$aTraini$bRenato$3UONV007487 710 02$aBiblioteca Ambrosiana$3UONV270581$0185922 712 $aNeri Pozza$3UONV271795$4650 801 $aIT$bSOL$c20260206$gRICA 899 $aSIBA - SISTEMA BIBLIOTECARIO DI ATENEO E ARCHIVIO STORICO$2UONSI 912 $aUON00512652 950 $aSIBA - SISTEMA BIBLIOTECARIO DI ATENEO E ARCHIVIO STORICO$dSI FONDO RICCI 484/1 $eSI 41247 7 484/1 996 $aCatalogue of the Arabic Manuscripts in the Biblioteca Ambrosiana. Vol. 1. : Antico Fondo and Medio Fondo$93894501 997 $aUNIOR